| 000 | 00490nam a2200145 i 4500 | ||
|---|---|---|---|
| 001 | 43414 | ||
| 003 | ES-MaACL | ||
| 007 | t| | ||
| 008 | 030317s1888 sp ||||1| spa d | ||
| 245 | 0 | 0 | _aCatálogo de las obras existentes en la Biblioteca de la Dirección General de Administración Militar. |
| 260 |
_aMadrid : _bAdministración Militar, _c1888. |
||
| 300 |
_a144 p. ; _c17 cm. |
||
| 710 | 1 |
_aEspaña. _bDirección General de Administración Militar. _93697 |
|
| 852 |
_aES-MaACL _jG-13929 |
||
| 999 |
_c43414 _d43414 |
||